| 000 | 00623nam a22001937a 4500 | ||
|---|---|---|---|
| 003 | DO-SdBNP | ||
| 005 | 20180307114649.0 | ||
| 008 | 160311b 1972 dr xxu||||| |||| 00| 0 spa d | ||
| 040 |
_aBPMSU _bspa _cBPMSU |
||
| 092 |
_axxxxx _bxxxxx |
||
| 100 | 1 | _aPrice, J. M. | |
| 245 | 1 | 0 |
_aGuía de estudios sobre : _bJesús el maestro / _cLibro escrito por J. M. Price, guía preparada por Luis E. Quilo. |
| 260 |
_aSanto Domingo : _bCasa Bautista de Publicaciones, _c1972. |
||
| 300 |
_a49 p. ; _c28 cm. |
||
| 700 | 1 | 2 | _aQuilo, Luis E. |
| 942 |
_2ddc _cBK |
||
| 945 | _ainventariado, 2018 / dg | ||
| 956 |
_2LOPEREZ _310 _6BPMSU |
||
| 999 |
_c9196 _d9196 |
||